00972nam a22002777a 45000010005000000030006000050050017000110080041000280200018000690400029000870500017001160820008001331000032001412450102001732500041002752600034003163000045003504900031003955050007004265200140004335210018005735210018005916500030006096500024006397000031006637224FISKH20250812142525.0250703b cb ||||| |||| 00| 0 eng d a9780545115070 aFISKHbengcFISKHdFISKH aPZ7.B46626 C a370 aBetancourt, Jeanned(1941-) aPony mysteries :bThe clue in the clubhouse /cBy Jeanne Betancourt ; Illustrated by Kellee Riley aThis edition first published in 2011 aNew York :bScholastic,c2011 a40 pages :bcolor illustrations ;c23 cm aScholastic readervLevel 3 aL  aPenny Ryder and her friends make their very own clubhouse. Then they solve their latest mystery with the help of Penny's pony, Pepper. 8 a520 bLexile 8 aL bRaz-Plus  2HorsesaHorses and Ponies 2School ageaMystery aRiley, Kelleedillustrator